000 00360nam a22001457a 4500
003 OSt
005 20160727222351.0
008 160622b xxu||||| |||| 00| 0 eng d
040 _cTest
100 _9407
_aLarson, B
245 _aHippies, Hindus and Rock and Roll
260 _aUSA
_b McCook
_c1969
300 _aHippies, Hindus and Rock and Roll
942 _2ddc
_cBK
999 _c335
_d335